00323nam a2200109Ia 4500008004100000041000800041100003100049245006300080260003100143300000900174700003000183250110s9999 xx 000 0 und d aeng aTakhenchangbam Ojaswi Devi aPrison Landscapees : Exploration And Potential Guidelines  bBNCA M Arch LA, Punec2018 a50p; aGuide Name:Andhare Sayali